000 00732nam a2200181Ia 4500
008 100920s9999 xx 000 0 und d
082 _b63802
_a61 थ 55
100 _a---
245 _aजपानी पध्दतीची भातशेती.
260 _bमुंबई सरकारच्या प्रसिध्दी खात्याकडून प्रकाशित.
_c1955
300 _a47
_bसाधी
365 _b0.5
520 _aस्थानिक वाचन.
630 _aजपानी पध्दतीची भातशेती.
650 _aस्थानिक वाचन.
730 _aजपानी पध्दतीची भातशेती.
942 _cBOOK
999 _c706881
_d706878